Molinete

Salvato in:
Dettagli Bibliografici
Autore principale: Mateos, Pilar (autora)
Natura: Libro
Lingua:spagnolo
Pubblicazione: Madrid SM 1989
Edizione:8a. ed
Serie:El Barco de Vapor. Colección Azul, 67
Soggetti:
Tags: Aggiungi Tag
Nessun Tag, puoi essere il primo ad aggiungerne!!

MARC

LEADER 00000nam a2200000 a 4500
001 UCH7209
003 CL-VaPUC
008 091109e19890000SP |||||||||||||||||spa|d
020 |a 8434813726 
082 0 4 |a 863  |b MAT  |2 21 
100 |a Mateos, Pilar  |e autora  |9 547017 
245 1 0 |a Molinete 
250 |a 8a. ed 
300 |a 84 p 
942 |c BK 
945 |d 20091109 00:00:00  |a lazolas 
260 |a Madrid  |b SM  |c 1989 
500 |a A partir de 7 años 
650 0 |a Literatura infantil   |9 307465 
650 0 |a Literatura española  |9 306261 
650 0 |a Novelas españolas  |9 265052 
650 0 |a Escritores españoles  |9 318145 
650 0 |a Cuentos  |9 308079 
650 0 |a Lectura  |9 307634 
651 0 |a España  |9 254926 
583 |a last modification  |c 20091109 00:00:00  |k Rodrigo Vera 
490 0 |a El Barco de Vapor. Colección Azul, 67 
999 |c 337877  |d 337875